000 00683cam a2200253 4500500
005 20260405003251.0
041 _afre
042 _adc
100 1 0 _aLarmagnac-Matheron, Octave
_eauthor
245 0 0 _aLa tour de l’ADN
260 _c2021.
500 _a8
690 _aADN
690 _aArchitecture
690 _aBiodiversité
690 _aBiomimétisme
690 _aHabitat
690 _aNature
690 _aTaïwan
690 _aTechnique
690 _aVivant
786 0 _nPhilosophie magazine | 148 | 4 | 2021-04-01 | p. 9-9 | 1951-1787
856 4 1 _uhttps://shs.cairn.info/magazine-philosophie-magazine-2021-4-page-9?lang=fr&redirect-ssocas=7080
999 _c2065915
_d2065915